000
00276nam a22001097a 4500
008
240715b |||||||| |||| 00| 0 eng d
100
_a
Trwidi, Shohanlal
_9
17072
245
_a
Gandhi Satdab
260
_a
New Delhi:
_b
Government of India;
_c
1969.
300
_a
394p.
942
_c
BK
999
_c
40403
_d
40403